000 01254nam a2200301Ia 4500
001 ebr10619581
003 CaPaEBR
006 m u
007 cr cn|||||||||
008 080816s2007 txua sbf 001 0 eng d
020 _z9781555631246
020 _z9781555633370
040 _aCaPaEBR
_cCaPaEBR
035 _a(OCoLC)820817081
050 1 4 _aTN870
_b.P497 2007eb
245 0 0 _aPetroleum engineering handbook
_h[electronic resource] .
_nVolume VII,
_pIndexes and standards /
_cLarry W. Lake, editor-in-chief.
260 _aRichardson, TX :
_bSociety of Petroleum Engineers,
_c2007.
300 _a170 p. :
_btables.
504 _aIncludes bibliographical references and indexes.
533 _aElectronic reproduction.
_bPalo Alto, Calif. :
_cebrary,
_d2011.
_nAvailable via World Wide Web.
_nAccess may be limited to ebrary affiliated libraries.
650 0 _aPetroleum engineering
_vHandbooks, manuals, etc.
650 0 _aPetroleum industry and trade.
655 7 _aElectronic books.
_2local
700 1 _aLake, Larry W.
710 2 _aSociety of Petroleum Engineers (U.S.)
710 2 _aebrary, Inc.
856 4 0 _uhttp://site.ebrary.com/lib/rucke/Doc?id=10619581
_zAn electronic book accessible through the World Wide Web; click to view
999 _c53877
_d53877